| 000 | 00999nam0a22002531 4500 | ||
|---|---|---|---|
| 001 | rc\1068739 | ||
| 005 | 20250622100455.0 | ||
| 035 | _a(NLR Aleph) 006228907 | ||
| 090 |
_a6550515 _c6550515 |
||
| 100 | _a20041129d1980 |||y0rusy50 ca | ||
| 101 | 0 | _arus | |
| 102 | _aRU | ||
| 105 | _aa ||||||||| | ||
| 200 | 1 | _aРасчет двумерных температурных полей во внутриреакторных устройствах методом конечных разностей | |
| 210 |
_aДимитровград _cНИИАР _d1980 |
||
| 215 |
_a[1], 10 с. _cграф. _d21 |
||
| 225 | 1 |
_aПрепринт _fНИИ атом. реакторов им. В.И. Ленина _vНИИАР-1 (409) _iМетодика и техника облучения |
|
| 320 | _aБиблиогр.: с. 10 | ||
| 700 | 1 |
_aСередкин _bС.В. _gСергей Викторович |
|
| 801 | 0 |
_aRU _bNLR _gpsbo |
|
| 801 | 1 |
_aRU _bELAR _2rusmarc |
|
| 852 |
_aNLR _j80-4/19295 |
||
| 942 | _cBOOK | ||
| 980 | _aNB | ||